Statistics for TF2:Soldier

Click here to take the quiz!

General Stats

  • This quiz has been taken 35 times
  • The average score is 6 of 13

Answer Stats

HintAnswer% Correct
main meleeshovel
100%
main weaponrocket launcher
96%
health200
67%
namemr. jane doe
67%
voice actor:(Rick May
67%
other weaponshotgun
56%
typeoffensive
44%
originmidwest USA
30%
soldier?no
30%
end of killing spree1949
22%
if fighting is sure to result in victory,you must fight!
22%
mottoim a rocket man
11%
jobshock and awe
11%

Score Distribution

Percentile by Number Answered

Percent of People with Each Score

Your Score History

You have not taken this quiz